Medzi hrou a chémiou /
Uložené v:
| Hlavný autor: | |
|---|---|
| Ďalší autori: | |
| Médium: | Kniha |
| Jazyk: | Slovak Croatian |
| Vydané: |
Bratislava :
Alfa,
1970.
|
| Vydanie: | 2. vyd. |
| Edícia: | Edícia chemickej literatúry
|
| ISBN: |
(brož.) |
| Fyzický popis: |
247 s. |
| Tagy: |
Pridať tag
Žiadne tagy, Buďte prvý kto otaguje tento záznam!
|
Titul je dostupný aj v ... 

MARC
| LEADER | 00000nam a2200000 a 4500 | ||
|---|---|---|---|
| 001 | 000233644 | ||
| 005 | 20091105190338.0 | ||
| 008 | 940819s1970 xo 000 0 slo d | ||
| 020 | |a (brož.) | ||
| 040 | |a SVKKK |b slo |c SVKKK |e AACR2 | ||
| 041 | 1 | |a slo |h scr | |
| 044 | |a xo |c SK | ||
| 100 | 1 | |a Kostič, Živko K. |4 aut | |
| 245 | 1 | 0 | |a Medzi hrou a chémiou / |c Živko K. Kostič ; [zo srb. orig. prel. J. Samák]. |
| 250 | |a 2. vyd. | ||
| 260 | |a Bratislava : |b Alfa, |c 1970. | ||
| 300 | |a 247 s. | ||
| 490 | 1 | |a Edícia chemickej literatúry | |
| 700 | 1 | |a Samák, Ján |4 trl | |
| 910 | |a svkkk | ||
| 998 | |a BK | ||
| 090 | |g SCKHL |k Sklad Pribinova 2. posch. |a II.220211 |j 535795 |i 2720152505 |s Absenčne | ||
| 090 | |g SCKHL |k Sklad Pribinova 2. posch. |a II.221026 |i 2720045241 |s Absenčne | ||